Slovenský život a žurnalistika

Salvato in:
Dettagli Bibliografici
Autore principale: Ruttkay, Fraňo
Natura: Libro
Lingua:slovacco
Pubblicazione: Martin Osveta 1987
Edizione:1. vyd.
Tags: Aggiungi Tag
Nessun Tag, puoi essere il primo ad aggiungerne!!

MARC

LEADER 00000nam a2200000 4500
001 c024753
005 20221128073901.7
041 0 |a slo 
044 |a SK 
245 1 0 |a Slovenský život a žurnalistika  |c Fraňo Ruttkay 
250 |a 1. vyd. 
264 1 |a Martin  |b Osveta  |c 1987 
300 |a 283 s. 
100 1 |a Ruttkay, Fraňo